Statistiques concernant une photo, un pays #2

Cliquez ici pour prendre le quiz!

Statistiques générales

  • Ce quiz a été pris 235 fois
  • Le résultat moyen est 12 sur 16

Statistiques - réponses

Réponse% Correct
Australie
98%
Italie
97%
Japon
95%
Allemagne
93%
Bresil
92%
Russie
92%
Pérou
87%
Royaume-Uni
80%
Jordanie
75%
Émirats arabes unis
73%
Canada
71%
Qatar
70%
Hongrie
51%
Vatican
46%
Monaco
44%
Irak
40%

Distribution des résultats

Percentile par nombre de réponses

% des personnes avec chaque résultat

Votre développement - résultats

Vous n’avez pas pris ce quiz